| 000 | 01023cad a22002295a 4500 | ||
|---|---|---|---|
| 001 | L149891 | ||
| 008 | 091125s2009 xxk f 000 0 eng d | ||
| 035 | _a(Sirsi) u149891 | ||
| 041 | 0 | _aeng | |
| 050 | 0 | 4 | _a333.332 $2 19 |
| 110 | 2 |
_aRoyal Institution of Chartered Surveyors _bValuation Professional Group _95719 |
|
| 245 | 0 | 0 |
_aValuation information alert _bPS1.5.4 interpretation _h[electronic resource] |
| 260 |
_aLondon _bRICS _c2010 |
||
| 490 | 0 | _aValuation Information Alert | |
| 520 | _aContains advice on how to interpret and practically apply the amendment to PS 1.5.4 published in the RICS Valuation Standards 6th edition with effect from 1 April 2010. Covers who needs to be listed and keeping up to date records. | ||
| 521 | _aAdvanced | ||
| 590 | _aKA | ||
| 651 | 4 |
_aUnited Kingdom _y |
|
| 690 | _aPROPERTY-PROPERTY APPRAISAL AND VALUATION | ||
| 856 | 4 | 0 |
_uhttps://www.rics.org/site/download_feed.aspx?fileID=6229&fileExtension=PDF _zView the valuation information alert at www.rics.org... |
| 942 | _n0 | ||
| 999 |
_c110670 _d110670 |
||